The Japanese financial system
Guardat en:
| Format: | Llibre |
|---|---|
| Idioma: | Undetermined |
| Publicat: |
Tokyo
The Bank of Japan
1970
|
| Matèries: | |
| Etiquetes: |
Afegir etiqueta
Sense etiquetes, Sigues el primer a etiquetar aquest registre!
|
| Thư viện lưu trữ: | Trung tâm Học liệu Trường Đại học Cần Thơ |
|---|
| LEADER | 00377nam a2200145Ia 4500 | ||
|---|---|---|---|
| 001 | CTU_79464 | ||
| 008 | 210402s9999 xx 000 0 und d | ||
| 082 | |a 332 | ||
| 082 | |b J35 | ||
| 245 | 4 | |a The Japanese financial system | |
| 260 | |a Tokyo | ||
| 260 | |b The Bank of Japan | ||
| 260 | |c 1970 | ||
| 650 | |a Finance,Japan | ||
| 980 | |a Trung tâm Học liệu Trường Đại học Cần Thơ | ||